LEADER 01663nas 2200601- 450 001 9910629574303321 005 20240912213021.0 011 $a2757-8038 035 $a(DE-599)ZDB3091834-0 035 $a(OCoLC)1249765552 035 $a(CKB)4100000011998594 035 $a(CONSER)--2022229057 035 $a(EXLCZ)994100000011998594 100 $a20210505a20219999 --- a 101 0 $aeng 135 $aur||||||||||| 181 $ctxt$2rdacontent 182 $cc$2rdamedia 183 $acr$2rdacarrier 200 00$aAlpha psychiatry 210 1$aIstanbul, Turkey :$cAVES,$d2021- 215 $a1 online resource 300 $aRefereed/Peer-reviewed 517 1 $aAP 531 10$aAlpha Psychiatry 606 $aPsychiatry$vPeriodicals 606 $aMental illness$vPeriodicals 606 $aMental Disorders 606 $aPsychiatry 606 $aMaladies mentales$vPériodiques 606 $aMaladies mentales 606 $amental disorders$2aat 606 $aMental illness$2fast$3(OCoLC)fst01016547 606 $aPsychiatry$2fast$3(OCoLC)fst01081152 608 $aPeriodical 608 $aperiodicals.$2aat 608 $aPeriodicals.$2fast 608 $aPeriodicals.$2lcgft 608 $aPériodiques.$2rvmgf 615 0$aPsychiatry 615 0$aMental illness 615 12$aMental Disorders 615 22$aPsychiatry 615 6$aMaladies mentales 615 6$aMaladies mentales. 615 7$amental disorders. 615 7$aMental illness. 615 7$aPsychiatry. 676 $a616.89 906 $aJOURNAL 912 $a9910629574303321 996 $aAlpha psychiatry$92965496 997 $aUNINA LEADER 03419nam 22005053 450 001 9910800146703321 005 20250313080342.0 010 $a9788028003883 010 $a8028003885 035 $a(CKB)5580000000716493 035 $a(MiAaPQ)EBC31953843 035 $a(Au-PeEL)EBL31953843 035 $a(oapen)doab133511 035 $a(OCoLC)1507695763 035 $a(EXLCZ)995580000000716493 100 $a20250313d2023 uy 0 101 0 $aeng 135 $aurcnu|||||||| 181 $ctxt$2rdacontent 182 $cc$2rdamedia 183 $acr$2rdacarrier 200 14$aThe 3rd Plasma Nanotechnologies and Bioapplications Workshop $eScientific Program Book of Abstracts 205 $a1st ed. 210 $cMasaryk University Press$d2023 210 1$aBrno :$cMasaryk University,$d2023. 210 4$d©2023. 215 $a1 online resource (81 pages) 311 08$a9788028003876 311 08$a8028003877 327 $aIntro -- CONTENTS -- PREFACE -- VENUE -- SCIENTIFIC PROGRAM -- List of participants -- ABSTRACTS -- SECTION 2: New developments and diagnostics of DBD - part 1 -- SECTION 3: New developments and diagnostics of DBD - part 2 -- SECTION 4: Plasma and glass processing -- SECTION 5: Plasma in contact with liquids & -- Plasma water purification -- SECTION 6: Plasma and bioapplications -- SECTION 7: Plasma reduced graphene oxide -- SECTION 8: Plasma surface processes. 330 $aTitle in English: The 3rd Plasma Nanotechnologies and Bioapplications Workshop: Scientific Program & Book of Abstracts The Book of Abstracts contains contributions to the presentations of the third workshop organized by the Plasma Nanotechnology and Bioapplications Research Group at the Department of Plasma Physics and Technology, Faculty of Science, Masaryk University. The event, entitled "The 3rd Plasma Nanotechnologies and Bioapplications Workshop", was held at the Rustikal Hotel in Hustopec?e from 9 to 12 October 2023. The workshop was attended by scientific teams from the Department of Plasma Physics and Technology of the Faculty of Science at Masaryk University, the Department of Experimental Physics and Division of Environmental Physics of the Faculty of Mathematics, Physics and Informatics at Comenius University in Bratislava, which are regular participants. However, this year's edition is also characterised by the abundant participation of international teams from Germany - HAWK University of Applied Sciences and Arts, University of Stuttgart; Slovenia - University of Ljubljana and Austria - University of Natural Resources and Life Sciences. During the workshop, contributions on the following topics were presented in the form of lectures: New developments and diagnostics of DBD, Plasma and glass processing, Plasma in contact with liquids & Plasma water purification, Plasma and bioapplications, Plasma reduced graphene oxide, and Plasma surface processes. 606 $aPlasma physics$2bicssc 615 7$aPlasma physics 700 $a?rámková$b Petra$01794617 701 $aKová?ik$b Du?an$01794618 701 $aSkácelová$b Dana$01794619 701 $aKelar$b Jakub$01794620 701 $aBeigi$b Pedram$01794621 801 0$bMiAaPQ 801 1$bMiAaPQ 801 2$bMiAaPQ 906 $aBOOK 912 $a9910800146703321 996 $aThe 3rd Plasma Nanotechnologies and Bioapplications Workshop$94335422 997 $aUNINA